000 00225nam a22000857a 4500
008 161022b xxu||||| |||| 00| 0 eng d
100 _9921
_aGeorge.M.etal
245 _aSocial Science-VI
260 _aNew Delhi
_bMEB Publications
_c2012
999 _c3576
_d3576